[Event "FRA-chT4 1516"]
[Site "Champagne Ardenne"]
[Date "2015.12.06"]
[Round "3"]
[White "Durant, Marie"]
[Black "Pytel, Bozena"]
[Result "1-0"]
[WhiteElo "1948"]
[BlackElo "1944"]
[PlyCount "55"]
[EventDate "2015.12.06"]
[EventType "team-tourn"]
[EventRounds "7"]
[EventCountry "FRA"]
[SourceTitle "EXT 2024"]
[Source "ChessBase"]
[SourceDate "2023.10.10"]
[SourceVersion "1"]
[SourceVersionDate "2023.10.10"]
[SourceQuality "1"]

1. d4 f5 2. Bg5 g6 3. Nf3 Bg7 4. c3 Nf6 5. Qb3 d6 6. Nbd2 c6 7. Bxf6 Bxf6 8. e4 Qc7 9. Bd3 f4 10. 0-0 e5 11. dxe5 dxe5 12. Rad1 Qe7 13. a4 Nd7 14. Qa2 Nc5 15. Bc4 Be6 16. b4 Bxc4 17. Nxc4 Nxe4 18. Qc2 Ng5 19. Nxg5 Bxg5 20. Nxe5 0-0 21. Qb3+ Kh8 22. Rfe1 Qf6 23. Nd7 Qf5 24. Nxf8 Rxf8 25. Qe6 Qc2 26. Rd7 f3 27. Qe5+ Bf6 28. Qxf6+ 1-0